Morceaux de viande du cheval - Carte Quiz - Statistiques

Statistiques générales
  • Ce quiz a été pris 21 fois
  • Le résultat moyen est 6 sur 22
Réponses sur la Carte
Les réponses sont colorées sur une échelle allant du rouge au vert en fonction du pourcentage des utilisateurs qui les ont devinées à leur premier essai. Vous pouvez retrouver ces pourcentages ci-dessous.
 
Statistiques - réponses
Réponse % Correct
Collier
78%
Jarrets
56%
Poitrine
56%
Côte à l'os et Entrecôte
33%
Filet
33%
Gros bout de poitrine
33%
Macreuse
33%
Rond de Gîte
33%
Rumsteck
33%
Salière
33%
Airaignée
22%
Basse Côte
22%
Bavette d'aloyau
22%
Flanchet
22%
Palette de Macreuse
22%
Plat de Tranche, Rond de Tranche et Mouvant
22%
Poire, Merlan, Tende de Tranche et Dessus de Tranche
22%
Faux-Filet
11%
Onglet
11%
Paleron
11%
Bavette de Flanchet
0%
Hampe
0%
Aucun quiz correspondant
Distribution des résultats
% des personnes avec chaque résultat
Percentile par nombre de réponses
Votre historique - résultats
Vous n’avez pas pris ce quiz